000 00356nam a2200133Ia 4500
008 211109s9999||||xx |||||||||||||| ||und||
082 _a570.3
_bABE-D
100 _aAbercrombie, M
245 0 _aDictionary of Biology
260 _bPenguin Books
_aHarmondsworth
_c1951
630 _xGeneral Stack
650 _aLife Sciences
_vBiology
_xZoology
942 _cBOOK
999 _c15020
_d15020